[Event "World Cup U18 Prel"]
[Site "Tornelo INT"]
[Date "2021.08.20"]
[Round "10"]
[White "Mart, Aidan"]
[Black "Weisz, Benjamin"]
[Result "0-1"]
[WhiteElo "1262"]
[BlackElo "1485"]
[PlyCount "86"]
[EventDate "2021.08.16"]
[EventType "swiss (rapid)"]
[EventRounds "10"]
[EventCountry "NET"]
[SourceTitle "CBM 203 Extra"]
[Source "ChessBase"]
[SourceDate "2021.09.30"]
[SourceVersion "1"]
[SourceVersionDate "2021.09.30"]
[SourceQuality "1"]

1. e4 e6 2. d4 d5 3. e5 c5 4. c3 Nc6 5. Nf3 Qb6 6. Be2 cxd4 7. Nxd4 Nxe5 8. Bb5+ Bd7 9. Bxd7+ Nxd7 10. Qb3 Ngf6 11. 0-0 Be7 12. Bf4 0-0 13. Nd2 e5 14. Nf5 Bc5 15. Qxb6 Bxb6 16. Bg3 g6 17. Ne3 Rfe8 18. Rfe1 Nc5 19. Re2 Nd3 20. b3 Nf4 21. Ree1 Rac8 22. c4 Ba5 23. Red1 Ne2+ 24. Kf1 Nxg3+ 25. hxg3 d4 26. Nc2 Bc3 27. Rab1 e4 28. Na3 a6 29. f3 e3 30. Ne4 Nxe4 31. fxe4 Rxe4 32. Ke2 Rd8 33. Rd3 Ree8 34. Rf1 Kg7 35. Nb1 Bb4 36. a3 Ba5 37. b4 Bc7 38. g4 Be5 39. Rfd1 Rc8 40. c5 b6 41. cxb6 Rc2+ 42. Kf3 f5 43. g5 Rf2# 0-1

[Event "World Cup U18 Prel"]
[Site "Tornelo INT"]
[Date "2021.08.17"]
[Round "4"]
[White "Kaleeswaran, Jaisuraj"]
[Black "Weisz, Benjamin"]
[Result "0-1"]
[WhiteElo "1851"]
[BlackElo "1485"]
[PlyCount "60"]
[EventDate "2021.08.16"]
[EventType "swiss (rapid)"]
[EventRounds "10"]
[EventCountry "NET"]
[SourceTitle "CBM 203 Extra"]
[Source "ChessBase"]
[SourceDate "2021.09.30"]
[SourceVersion "1"]
[SourceVersionDate "2021.09.30"]
[SourceQuality "1"]

1. e4 e6 2. d4 d5 3. Nc3 Bb4 4. e5 c5 5. a3 Bxc3+ 6. bxc3 Ne7 7. f4 b6 8. Nf3 Ba6 9. Bxa6 Nxa6 10. Qe2 Nb8 11. 0-0 0-0 12. g4 Nbc6 13. a4 Qc7 14. Ba3 a6 15. dxc5 bxc5 16. Bxc5 Nxe5 17. Qxe5 Qxc5+ 18. Qd4 Rfc8 19. Rf2 Qxc3 20. Qd1 Ng6 21. Nd4 Rc4 22. Ne2 Qxc2 23. Qe1 Rxa4 24. Rb1 Re4 25. Qf1 Qd3 26. Rb7 h6 27. h3 Re8 28. f5 exf5 29. Rxf5 Rxe2 30. Rfxf7 Qg3+ 0-1

[Event "World Cup U18 Prel"]
[Site "Tornelo INT"]
[Date "2021.08.16"]
[Round "2"]
[White "Arhan, Chethan Anand"]
[Black "Weisz, Benjamin"]
[Result "1-0"]
[WhiteElo "1915"]
[BlackElo "1485"]
[PlyCount "61"]
[EventDate "2021.08.16"]
[EventType "swiss (rapid)"]
[EventRounds "10"]
[EventCountry "NET"]
[SourceTitle "CBM 203 Extra"]
[Source "ChessBase"]
[SourceDate "2021.09.30"]
[SourceVersion "1"]
[SourceVersionDate "2021.09.30"]
[SourceQuality "1"]

1. d4 Nf6 2. c4 g6 3. Nc3 Bg7 4. e4 d6 5. Be2 0-0 6. Be3 e5 7. d5 a5 8. g4 Na6 9. h4 Nc5 10. f3 h5 11. g5 Nfd7 12. b3 Re8 13. Nh3 Nf8 14. Qc2 f5 15. gxf6 Bxf6 16. Ng5 Nh7 17. Rg1 c6 18. 0-0-0 Nf8 19. dxc6 bxc6 20. Bxc5 Bxg5+ 21. Rxg5 Qxg5+ 22. hxg5 dxc5 23. Na4 Ne6 24. Rd6 Nd4 25. Rxg6+ Kf7 26. Rf6+ Ke7 27. Qd2 Rd8 28. Bd3 h4 29. Qh2 Nxb3+ 30. axb3 Rxd3 31. Qxe5+ 1-0